00830pam a2200253 a 4500001000800000005001700008008004100025010001700066020001500083040002300098050001900121060001900140082002400159100003000183245007900213260003200292300004400324440003600368500002000404650004800424650004000472650002700512700003700539109020020161109101654.0920731s1993 moua 001 0 eng c a 92049975  a0801620961 aDNLM/DLCcDLCdDLC00aRC802 .D7 1993 aWY 156.5 D732g00a616.3/3/00246132201 aDoughty, Dorothy Beckley.10aGastrointestinal disorders /cDorothy B. Doughty, Debra Broadwell Jackson. aSt. Louis :bMosby,cc1993. ax, 358 p. :bill. (some col.) ;c29 cm. 0aMosby's clinical nursing series aIncludes index. 0aGastrointestinal systemxDiseasesxNursing. 2aGastrointestinal Diseasesxnursing. 2aNursing Carexnursing.1 aJackson, Debra Broadwell,d1949-